000 00592nam a2200193 a 4500
005 20210219160705.0
008 991125s2002 mx 000 0 spa u
020 _a9703700551
035 _aUPN01000170709
049 _aCG
050 4 _aF1229
_bI2.3
100 1 _aIcaza Dufour, Francisco de,
_d1944-
245 1 0 _aHernán Cortés /
_cFrancisco de Icaza Dufour.
260 _aMéxico :
_bPlaneta DeAgostini,
_cc2002.
300 _a140 p.
440 0 _aDivulgación.
_pGrandes protagonistas de la história mexicana / biografías
600 1 4 _aCORTES, HERNAN,
_d1485-1547
905 _aLibro
999 _c142814
_d142814